000 00699nam a22002177a 4500
005 20210514105836.0
008 210514b ||||| |||| 00| 0 eng d
020 _a978-10-079093-7
040 _aBUAC
_cBUC
041 _aFre
100 _aAbric, Jean-Claude
245 _aPsychologie de la communication :
_bthéories et méthodes
_c/par Jean-Claude Abric
250 _a3ème éd
260 _aMalakoff :
_bDunod,
_c2019
300 _aVI- 185 p.
_bCouv.ill. en coul.;
_c24 cm.
500 _aBibliogr. pp. (178 - 185).; Index thématique
630 _aPHILOSOPHIE- PSYCHOLOGIE
650 _aPsychologie de la communication
651 _aPsychologie : théories : methode
942 _2ddc
_cLBA
999 _c61966
_d61966